Bilecik Bilecik Bilecik Bilecik Bilecik

Milliyetçi Türkiye : (Record no. 16247)

MARC details
000 -BAŞLIK
Sabit Uzunluktaki Kontrol Alanı 01018nam a22003617a 4500
001 - KONTROL NUMARASI
Control Dosyası 0016285
003 - KONTROL NUMARASI KİMLİĞİ
Kontrol Alanı KOHA_MİRAKIL
005 - EN SON İŞLEM TARİHİ ve ZAMANI
Kontrol Alanı 20260207002100.0
007 - FİZİKSEL TANIM SABİT ALAN - GENEL BİLGİ
Sabit uzunluklu kontrol alanı ta
008 - SABİT UZUNLUKTAKİ VERİ ÖGELERİ - GENEL BİLGİ
Sabit Alan 100413b1970 tu |||gr||||#0|||0|tur |
040 ## - KATALOGLAMA KAYNAĞI
Özgün Kataloglama Kurumu TR-BiSEU
Kataloglama Dili tur
Çeviri Kurumu TR-BiSEU
Açıklama Kuralları rda
041 0# - DİL KODU
Metin ya da ses kaydının dil kodu tur
044 ## - YAYINLAYAN/ÜRETEN KURULUŞUN ÜLKE KODU
ISO country code tu
050 ## - SINIFLAMA ve YER NUMARASI
Sınıflama Numarası DR590
Yer Numarası .K37 1970
100 1# - KİŞİ ADI
Yazar Adı (Kişi adı) Karaca, Kurt.
245 1# - ESER ADI BİLDİRİMİ
Başlık Milliyetçi Türkiye :
Alt Eseradı vb. milliyetçi-toplumcu düzen/
Sorumluluk Bildirimi Kurt Karaca ; Kurt Karaca.
264 #1 - ÜRERİM, YAYIN, DAĞITIM ve TELİF BİLDİRİMİ
Yayın yeri Ankara :
Yayınlayan Çınar Yayınevi
Yayın tarihi 1970
300 ## - FİZİKSEL TANIMLAMA
Sayfa, Cilt vb. 152 sayfa; 21 cm.
336 ## - İÇERİK TÜRÜ
Content type term metin
Content type code txt
Source rdacontent
337 ## - MEDYA TÜRÜ
Media type term aracısız
Media type code n
Source rdamedia
338 ## - TAŞIYICI TÜRÜ
Carrier type term cilt
Carrier type code nc
Source rdacarrier
490 1# - DİZİ BİLDİRİMİ
Dizi Bildirimi Çınar yayınları ;
Cilt Numarası Nu.
490 1# - DİZİ BİLDİRİMİ
Dizi Bildirimi 1.
490 1# - DİZİ BİLDİRİMİ
Dizi Bildirimi Fikrî eserler serisi ;
Cilt Numarası Nu.
490 1# - DİZİ BİLDİRİMİ
Dizi Bildirimi 1.
650 #0 - KONU BAŞLIĞI EK GİRİŞ - KONU TERİMİ
Konusal terim veya coğrafi ad Nationalism--Turkey.
9 (RLIN) 9682
830 1# - SERİ EK GİRİŞİ - TEKBİÇİM ESER ADI
Tekbiçim Başlık Çınar yayınları ;
Volume number/sequential designation Nu.
9 (RLIN) 9329
830 1# - SERİ EK GİRİŞİ - TEKBİÇİM ESER ADI
Tekbiçim Başlık 1.
9 (RLIN) 2570
830 1# - SERİ EK GİRİŞİ - TEKBİÇİM ESER ADI
Tekbiçim Başlık Fikrî eserler serisi ;
Volume number/sequential designation Nu.
9 (RLIN) 37780
830 1# - SERİ EK GİRİŞİ - TEKBİÇİM ESER ADI
Tekbiçim Başlık 1.
9 (RLIN) 2570
907 ## - LOCAL DATA ELEMENT G, LDG (RLIN)
a Tarih
942 ## - EK GİRİŞ ÖGELERİ (KOHA)
Source of classification or shelving scheme Library of Congress Classification
Koha item type Book
Holdings
Materyal Türü Kalıcı Konum Mevcut Konum Raf Yeri Sınıflandırma Kaynağı Edinim Bilgisi Ana Konular Alt Konular Yer Numarası Demirbaş Numarası Fatura Tarihi Maliyet, Alış Fiyatı Maliyet, Yenileme Fiyatı Geri Çekilme Durumu Kayıp Durumu Hasarlı Durumu Kredi için değil Kayıt Tarih Toplam Ödünçverme Son Görülme Tarihi Son Kontrol Tarihi Genel / Bağış Notu
Book Prof. Dr. Azmi Özcan Kütüphanesi Prof. Dr. Azmi Özcan Kütüphanesi Uluğbey Salonu Library of Congress Classification Bağış DÜNYA TARİHİ (AVRUPA, ASYA, AFRİKA VB.) Balkan Yarımadası DR590 .K37 1970 0016285 13/08/2010 1.50 1.50         13/04/2010   05/12/2024 05/12/2024 Harun Tuncel, Akademisyen